Rapporto preliminare delle campagne di scavo 1968 e 1969
المؤلف الرئيسي:
مؤلفون آخرون:
التنسيق: كتاب
اللغة: Undetermined
منشور في:
Milano
Istituto editoriale Cisalpino-La goliardica
1976.
سلاسل:
Testi e documenti per lo studio dell'antichità ; 53
الموضوعات:
الوسوم: إضافة وسم
رقم الطلب: ( F )DT73 .M32 B84 1976
| LEADER | 01153nam a2200229Ia 4500 | ||
|---|---|---|---|
| 008 | 230909s9999||||xx |||||||||||||| ||und|| | ||
| 050 | 4 | |a ( F )DT73 .M32 B84 1976 | |
| 100 | 1 | |a Bresciani, Edda. | |
| 245 | 1 | 0 | |a Rapporto preliminare delle campagne di scavo 1968 e 1969 |
| 246 | 1 | 3 | |a Foraboschi, Daniele. Ostraka e papiri greci da Medinet Madi nelle campagne 1968 e 1969. 1976. |
| 264 | 1 | |a Milano |b Istituto editoriale Cisalpino-La goliardica |c 1976. | |
| 300 | |a xvii, 102 p., [4] fold. leaves of plates |b ill. |c 33 cm. | ||
| 490 | 0 | |a Testi e documenti per lo studio dell'antichità ; 53 | |
| 500 | |a At the head of title: Istituto di papirologia dell'Università degli studi di Milano, Missione di scavo a Medinet Madi (Fayum, Egitto). | ||
| 504 | |a Includes bibliographical references and index. | ||
| 650 | 4 | |a Egypt -- Narmouthis (Extinct city) | |
| 650 | 4 | |a Manuscripts, Greek (Papyri) | |
| 650 | 4 | |a Narmouthis (Extinct city) | |
| 700 | |a Missione di scavo a Medinet Madi (Fayum, Egitto) | ||
| 942 | |2 lcc |c BK | ||
| 952 | |0 0 |1 0 |2 lcc |4 0 |7 1 |9 49900 |a ARCE |b ARCE |d 2023-09-09 |l 0 |o ( F )DT73 .M32 B84 1976 |r 2023-09-09 00:00:00 |w 2023-09-09 |y BK | ||
| 999 | |c 54523 |d 54523 | ||
